[Event "SVK-chT2B 2223"]
[Site "Slovakia"]
[Date "2023.03.25"]
[Round "10.6"]
[White "Farkas, Juraj"]
[Black "Krcmar, Milan"]
[Result "0-1"]
[WhiteElo "1719"]
[BlackElo "1915"]
[PlyCount "148"]
[EventDate "2022.10.08"]
[EventType "team-tourn"]
[EventRounds "11"]
[EventCountry "SVK"]
[SourceTitle "EXT 2024"]
[Source "ChessBase"]
[SourceDate "2023.10.10"]
[SourceVersion "1"]
[SourceVersionDate "2023.10.10"]
[SourceQuality "1"]
[WhiteTeam "Nove Zamky"]
[BlackTeam "Nemsova Horne Srnie"]
[WhiteTeamCountry "SVK"]
[BlackTeamCountry "SVK"]

1. e4 e5 2. Nf3 Nc6 3. Bb5 g6 4. 0-0 Bg7 5. c3 a6 6. Ba4 b5 7. Bb3 Nf6 8. Re1 0-0 9. d4 d6 10. h3 Bb7 11. Nbd2 Qe7 12. d5 Nb8 13. a4 Nbd7 14. c4 bxa4 15. Bxa4 Nc5 16. Bc2 Nh5 17. b4 Nd7 18. Nf1 Nf4 19. Kh2 c5 20. g3 Nh5 21. Rb1 cxb4 22. Rxb4 Nc5 23. Be3 a5 24. Rb1 Rfc8 25. N1d2 Nf6 26. Bxc5 Rxc5 27. Bd3 a4 28. Ra1 Rca5 29. Ra3 Nd7 30. Qc2 Nc5 31. Rea1 h5 32. Ne1 Bc8 33. Bf1 f5 34. f3 f4 35. g4 Qh4 36. Kg1 Bd7 37. Nd3 Kf7 38. Nxc5 Rxc5 39. Bg2 Bf6 40. Qd1 Bd8 41. Rb1 Bc7 42. Rb7 Qd8 43. Bf1 Qc8 44. Rb2 Rb8 45. Qc2 Ba5 46. Rxb8 Qxb8 47. Nb1 Bb4 48. Ra2 Qa7 49. Kg2 a3 50. Qb3 Qa5 51. Nxa3 Ba4 52. Qb1 hxg4 53. hxg4 Bxa3 54. Rxa3 Qd2+ 55. Kh1 Qd1 56. Qxd1 Bxd1 57. Kg2 Rc7 58. Rd3 Ba4 59. Ra3 Bd7 60. Rb3 Bc8 61. Kf2 Ke7 62. Ke1 Ra7 63. Be2 Ra1+ 64. Kd2 Ra2+ 65. Kd3 Ba6 66. Rc3 Kf6 67. Rc2 Ra3+ 68. Kd2 Kg5 69. c5 dxc5 70. Bxa6 Rxa6 71. Rxc5 Kh4 72. Rc6 Ra2+ 73. Kd3 Kg3 74. d6 Ra4 0-1

[Event "SVK-chT2B 1819"]
[Site "Slovakia"]
[Date "2019.04.07"]
[Round "11.7"]
[White "Farkas, Juraj"]
[Black "Panik, Ladislav"]
[Result "1-0"]
[WhiteElo "1580"]
[BlackElo "1622"]
[PlyCount "93"]
[EventDate "2018.10.13"]
[EventType "team-tourn"]
[EventRounds "11"]
[EventCountry "SVK"]
[SourceTitle "EXT 2020"]
[Source "ChessBase"]
[SourceDate "2019.10.17"]
[SourceVersion "1"]
[SourceVersionDate "2019.10.17"]
[SourceQuality "1"]
[WhiteTeam "Nove Zamky"]
[BlackTeam "Levice"]
[WhiteTeamCountry "SVK"]
[BlackTeamCountry "SVK"]

1. e4 c5 2. Nf3 e6 3. d4 cxd4 4. Nxd4 a6 5. Bd3 Qc7 6. 0-0 Nc6 7. Nxc6 dxc6 8. c4 Bc5 9. Nc3 Nf6 10. Kh1 e5 11. f3 Be6 12. Qe2 0-0 13. Be3 Bxe3 14. Qxe3 Nh5 15. g3 Rad8 16. Rfd1 f6 17. b4 Rf7 18. Na4 Rfd7 19. Nc5 Qb6 20. Qe2 Rxd3 21. Rxd3 Kf7 22. Rxd8 Qxd8 23. Nxe6 Kxe6 24. f4 g6 25. f5+ Ke7 26. Rd1 Qb6 27. Qd2 Qc7 28. c5 gxf5 29. exf5 Ng7 30. Qh6 Kf7 31. Qxh7 Qe7 32. Qg6+ Kf8 33. Rd6 Ne8 34. Re6 Qd8 35. Qxe8+ Qxe8 36. Rxe8+ Kxe8 37. Kg2 Kf7 38. Kf3 Kg7 39. g4 Kh7 40. h4 Kh6 41. Ke4 Kg7 42. g5 Kf7 43. gxf6 Kxf6 44. h5 Kg5 45. Kxe5 Kxh5 46. Ke6 Kh6 47. Ke7 1-0

[Event "SVK-chT2B 1819"]
[Site "Slovakia"]
[Date "2019.03.02"]
[Round "8.7"]
[White "Farkas, Juraj"]
[Black "Blazek, Milos"]
[Result "1/2-1/2"]
[WhiteElo "1565"]
[BlackElo "1972"]
[PlyCount "54"]
[EventDate "2018.10.13"]
[EventType "team-tourn"]
[EventRounds "11"]
[EventCountry "SVK"]
[SourceTitle "CBM 189 Extra"]
[Source "ChessBase"]
[SourceDate "2019.06.03"]
[SourceVersion "1"]
[SourceVersionDate "2019.06.03"]
[SourceQuality "1"]
[WhiteTeam "Nove Zamky"]
[BlackTeam "Trencin"]
[WhiteTeamCountry "SVK"]
[BlackTeamCountry "SVK"]

1. e4 e5 2. Nf3 Nc6 3. Bb5 a6 4. Ba4 Nf6 5. 0-0 Be7 6. Re1 b5 7. Bb3 0-0 8. c3 d5 9. exd5 Nxd5 10. d4 exd4 11. Nxd4 Nxd4 12. Qxd4 c6 13. Bxd5 cxd5 14. Be3 Be6 15. Nd2 Bf6 16. Qd3 Qd7 17. Nb3 Rac8 18. Nc5 Qc6 19. b4 a5 20. Bd4 Bxd4 21. Qxd4 axb4 22. cxb4 Rfe8 23. Re3 Bd7 24. Rae1 Rxe3 25. Rxe3 Re8 26. f3 Rxe3 27. Qxe3 Be6 1/2-1/2

[Event "SVK-chT2B 1819"]
[Site "Slovakia"]
[Date "2018.12.16"]
[Round "6.8"]
[White "Gyuricsek, Szilard"]
[Black "Farkas, Juraj"]
[Result "1-0"]
[WhiteElo "1768"]
[BlackElo "1558"]
[PlyCount "105"]
[EventDate "2018.10.13"]
[EventType "team-tourn"]
[EventRounds "11"]
[EventCountry "SVK"]
[SourceTitle "CBM 189 Extra"]
[Source "ChessBase"]
[SourceDate "2019.06.03"]
[SourceVersion "1"]
[SourceVersionDate "2019.06.03"]
[SourceQuality "1"]
[WhiteTeam "Komarno II"]
[BlackTeam "Nove Zamky"]
[WhiteTeamCountry "SVK"]
[BlackTeamCountry "SVK"]

1. e4 c5 2. Nf3 Nc6 3. d4 cxd4 4. Nxd4 Nf6 5. Nc3 e5 6. Ndb5 d6 7. Bg5 Be7 8. Bxf6 gxf6 9. Nd5 0-0 10. Nxe7+ Qxe7 11. Qxd6 Qxd6 12. Nxd6 Nd4 13. 0-0-0 Rd8 14. Nb5 Bg4 15. f3 Nxb5 16. Bxb5 Be6 17. a3 Kf8 18. Rxd8+ Rxd8 19. Rd1 Rc8 20. Rd3 Ke7 21. Ba4 f5 22. exf5 Bxf5 23. Re3 f6 24. c3 Kd6 25. Bc2 Bg6 26. Be4 b6 27. Rd3+ Ke6 28. Bxg6 hxg6 29. Kd2 f5 30. Ke3 f4+ 31. Ke2 g5 32. h3 b5 33. Kd2 a5 34. Kc2 a4 35. b3 axb3+ 36. Kxb3 Rc4 37. Rd8 e4 38. fxe4 Rxe4 39. Re8+ Kd5 40. Rxe4 Kxe4 41. c4 bxc4+ 42. Kxc4 Ke3 43. a4 Kf2 44. a5 Kxg2 45. a6 f3 46. a7 f2 47. a8Q+ Kg1 48. Qa7 Kg2 49. Qb7+ Kg1 50. Qb6 Kg2 51. Qc6+ Kg1 52. Qc5 g4 53. hxg4 1-0

[Event "SVK-chT2B 1819"]
[Site "Slovakia"]
[Date "2018.11.17"]
[Round "3.8"]
[White "Farkas, Juraj"]
[Black "Capak, Stefan"]
[Result "0-1"]
[WhiteElo "1605"]
[BlackElo "1943"]
[PlyCount "52"]
[EventDate "2018.10.13"]
[EventType "team-tourn"]
[EventRounds "11"]
[EventCountry "SVK"]
[SourceTitle "CBM 187 Extra"]
[Source "ChessBase"]
[SourceDate "2018.11.04"]
[SourceVersion "1"]
[SourceVersionDate "2018.11.04"]
[SourceQuality "1"]
[WhiteTeam "Nove Zamky"]
[BlackTeam "Povazska Bystrica"]
[WhiteTeamCountry "SVK"]
[BlackTeamCountry "SVK"]

1. e4 c5 2. Nf3 d6 3. d4 cxd4 4. Nxd4 Nc6 5. Be2 g6 6. 0-0 Bg7 7. Be3 e6 8. Nxc6 bxc6 9. c3 d5 10. exd5 cxd5 11. Nd2 Ne7 12. f4 Nf5 13. Bf2 0-0 14. g3 Bb7 15. Rb1 d4 16. cxd4 Bxd4 17. Bxd4 Qxd4+ 18. Rf2 Rfd8 19. Nb3 Qb6 20. Qc1 Rac8 21. Qf1 a5 22. Rc1 a4 23. Rxc8 Rxc8 24. Nd2 Qxb2 25. Nf3 Ne3 26. Qe1 Rc1 0-1

[Event "Levice op"]
[Site "Levice"]
[Date "2018.08.04"]
[Round "5"]
[White "Mederly, Jan"]
[Black "Farkas, Juraj"]
[Result "1/2-1/2"]
[WhiteElo "1028"]
[BlackElo "1631"]
[PlyCount "107"]
[EventDate "2018.08.02"]
[EventType "swiss"]
[EventRounds "7"]
[EventCountry "SVK"]
[SourceTitle "CBM 185 Extra"]
[Source "ChessBase"]
[SourceDate "2018.07.29"]
[SourceVersion "1"]
[SourceVersionDate "2018.07.29"]
[SourceQuality "1"]

1. e4 d6 2. Nf3 Nf6 3. d3 g6 4. g3 c5 5. Bg2 Bg7 6. 0-0 Nc6 7. d4 cxd4 8. Nxd4 Nxd4 9. Qxd4 0-0 10. Qb4 Qc7 11. Nc3 a5 12. Qb3 Bd7 13. Nd5 Nxd5 14. exd5 Bf5 15. c3 b5 16. Be3 Rfc8 17. Qd1 h5 18. Bd4 f6 19. Re1 Rab8 20. Qe2 Bf8 21. Be4 Qd7 22. Bxf5 Qxf5 23. Qe6+ Qxe6 24. Rxe6 b4 25. Rae1 Rb5 26. Bxf6 exf6 27. Rxf6 Rxd5 28. Ree6 Rf5 29. Rxg6+ Kf7 30. h3 Be7 31. g4 hxg4 32. hxg4 Rf6 33. Rgxf6+ Bxf6 34. Rxd6 bxc3 35. bxc3 Ke7 36. Rd3 Rxc3 37. Rxc3 Bxc3 38. Kg2 Be5 39. Kf3 Bd4 40. Ke2 Kf6 41. f3 Kg5 42. Kd3 Be5 43. Ke4 Bf4 44. Kd3 Bc1 45. Kd4 Bd2 46. Ke4 Bc1 47. a4 Kf6 48. f4 Ba3 49. g5+ Kg6 50. Ke5 Bb2+ 51. Ke4 Ba1 52. Kd3 Kf5 53. Kc4 Kxf4 54. Kb5 1/2-1/2

[Event "SVK-chT2B 1718"]
[Site "Slovakia"]
[Date "2018.02.04"]
[Round "7.8"]
[White "Farkas, Juraj"]
[Black "Horn, Jozef"]
[Result "1-0"]
[WhiteElo "1621"]
[BlackElo "1947"]
[PlyCount "99"]
[EventDate "2017.10.28"]
[EventType "team-tourn"]
[EventRounds "11"]
[EventCountry "SVK"]
[SourceTitle "EXT 2019"]
[Source "ChessBase"]
[SourceDate "2018.10.10"]
[SourceVersion "1"]
[SourceVersionDate "2018.10.10"]
[SourceQuality "1"]
[WhiteTeam "Nove Zamky"]
[BlackTeam "Topolcany"]
[WhiteTeamCountry "SVK"]
[BlackTeamCountry "SVK"]

1. e4 d6 2. d4 g6 3. c4 Bg7 4. Nc3 c6 5. Be3 Qc7 6. Bd3 e5 7. d5 c5 8. Nge2 a6 9. 0-0 Nd7 10. Qd2 Ndf6 11. h3 Nh5 12. f4 Ne7 13. f5 gxf5 14. exf5 Nf6 15. Ng3 Bd7 16. Nce4 Neg8 17. b4 b6 18. bxc5 bxc5 19. Rab1 Nxe4 20. Nxe4 Nf6 21. Nxf6+ Bxf6 22. Be4 h5 23. Rb2 Rb8 24. Rxb8+ Qxb8 25. Rb1 Qc7 26. Qb2 Ke7 27. Qb6 Qc8 28. Rf1 Rg8 29. Kh2 Bh4 30. Rf3 f6 31. g3 Bg5 32. Bf2 Qb8 33. Rb3 Qxb6 34. Rxb6 Bc8 35. Be1 Be3 36. Rb8 Re8 37. Rb6 Bd7 38. Rb7 Ra8 39. Ba5 Bh6 40. Bc2 Ke8 41. Bd1 Bxf5 42. Bxh5+ Kf8 43. Rf7+ Kg8 44. Rxf6 Bd3 45. Rxh6 Rb8 46. g4 Rb2+ 47. Kg3 Rxa2 48. Bc7 Bxc4 49. Rxd6 e4 50. Rd8+ 1-0

[Event "SVK-chT1W 9798"]
[Site "Slovakia"]
[Date "1998.??.??"]
[Round "?"]
[White "Farkas, Juraj"]
[Black "Abraham, Rudolf"]
[Result "1/2-1/2"]
[WhiteElo "1950"]
[BlackElo "2030"]
[PlyCount "58"]
[EventDate "1997.??.??"]
[EventType "team"]
[EventRounds "11"]
[EventCountry "SVK"]
[SourceTitle "EXT 1999"]
[Source "ChessBase"]
[SourceDate "1998.11.16"]
[SourceVersion "1"]
[SourceVersionDate "1998.11.16"]
[SourceQuality "1"]

1. e4 e6 2. d4 d5 3. Nd2 Nf6 4. e5 Nfd7 5. f4 c5 6. c3 Nc6 7. Ndf3 cxd4 8. cxd4 Bb4+ 9. Kf2 f6 10. g3 0-0 11. Kg2 Qe8 12. Bd3 f5 13. Ne2 Be7 14. a3 a5 15. b3 Nb6 16. h4 Qh5 17. Bb2 Bd7 18. Nc3 Rfc8 19. Qe2 Na7 20. Rhc1 Qe8 21. Nd2 h6 22. Nf3 a4 23. b4 Nc4 24. Bxc4 dxc4 25. d5 b5 26. d6 Bd8 27. Nd4 Bb6 28. Rd1 Bxd4 29. Rxd4 Rab8 1/2-1/2

[Event "SVK-chT1W 9798"]
[Site "Slovakia"]
[Date "1998.??.??"]
[Round "?"]
[White "Farkas, Juraj"]
[Black "Veselsky, Jozef"]
[Result "0-1"]
[WhiteElo "1965"]
[BlackElo "2330"]
[PlyCount "74"]
[EventDate "1997.??.??"]
[EventType "team"]
[EventRounds "11"]
[EventCountry "SVK"]
[SourceTitle "EXT 1999"]
[Source "ChessBase"]
[SourceDate "1998.11.16"]
[SourceVersion "1"]
[SourceVersionDate "1998.11.16"]
[SourceQuality "1"]

1. e4 c5 2. Nf3 g6 3. d4 cxd4 4. Nxd4 Bg7 5. Nc3 Nc6 6. Be3 Nf6 7. Be2 0-0 8. 0-0 d5 9. exd5 Nxd5 10. Nxd5 Qxd5 11. Bf3 Qc4 12. Nxc6 bxc6 13. c3 Be6 14. Re1 Rfd8 15. Qc2 Bd5 16. Be2 Qe4 17. Qxe4 Bxe4 18. Rac1 a5 19. f3 Bf5 20. Bc4 Bd3 21. Bxd3 Rxd3 22. Rcd1 Rd5 23. Rxd5 cxd5 24. Rd1 e6 25. Kf2 Rb8 26. Rd2 a4 27. a3 f5 28. Ke2 Kf7 29. f4 Bf6 30. Kd3 h6 31. Bd4 g5 32. g3 gxf4 33. gxf4 Rc8 34. Ke3 Rc4 35. Bxf6 Re4+ 36. Kf3 Kxf6 37. Rd4 e5 0-1